[Event "Titled Tuesday intern op 12th Mar Late"]
[Site "Chess.com INT"]
[Date "2024.03.12"]
[Round "7"]
[White "Iljiushenok, Ilia"]
[Black "Novik, Maxim"]
[Result "1/2-1/2"]
[WhiteElo "2558"]
[BlackElo "2415"]
[PlyCount "103"]
[EventDate "2024.03.12"]
[EventType "swiss (blitz)"]
[EventRounds "11"]
[EventCountry "USA"]
[SourceTitle "CB12_2024"]
[SourceDate "2023.10.01"]
[SourceVersion "1"]
[SourceVersionDate "2023.10.01"]
[SourceQuality "1"]

1. e4 c6 2. Nf3 d5 3. d3 Nd7 4. Nc3 e6 5. d4 dxe4 6. Nxe4 Ngf6 7. Bd3 Nxe4 8. Bxe4 Nf6 9. Bg5 Be7 10. Bxf6 Bxf6 11. Qd3 Qa5+ 12. c3 g6 13. h4 Bd7 14. a3 0-0-0 15. 0-0-0 Kb8 16. Qe3 Qc7 17. h5 Bc8 18. Kb1 a6 19. g3 Rhe8 20. Bc2 Re7 21. Ne5 c5 22. Qf4 Bxe5 23. dxe5 Rxd1+ 24. Rxd1 Rd7 25. Re1 b6 26. Qh6 gxh5 27. Bxh7 Bb7 28. Qxh5 Rd2 29. f4 Qd7 30. Bc2 Bc6 31. Rd1 Rxd1+ 32. Qxd1 Qxd1+ 33. Bxd1 Kc7 34. Kc1 Kd8 35. Kd2 Ke7 36. Ke3 f5 37. b4 a5 38. Bf3 Bb5 39. g4 fxg4 40. Bxg4 Bc4 41. bxa5 bxa5 42. Be2 Bb3 43. Bd3 Bd5 44. f5 exf5 45. Bxf5 Bc4 46. Kf4 Bb3 47. Bd3 Bd5 48. Be4 Bc4 49. Bf5 Bd5 50. Ke3 Bc4 51. Bd3 Bd5 52. Bf5 1/2-1/2

[Event "Titled Tuesday intern op 12th Mar Late"]
[Site "Chess.com INT"]
[Date "2024.03.12"]
[Round "6"]
[White "Pranav, V."]
[Black "Iljiushenok, Ilia"]
[Result "1-0"]
[WhiteElo "2604"]
[BlackElo "2558"]
[PlyCount "53"]
[EventDate "2024.03.12"]
[EventType "swiss (blitz)"]
[EventRounds "11"]
[EventCountry "USA"]
[SourceTitle "CB12_2024"]
[SourceDate "2023.10.01"]
[SourceVersion "1"]
[SourceVersionDate "2023.10.01"]
[SourceQuality "1"]

1. e4 c6 2. d4 d5 3. e5 Bf5 4. Nf3 e6 5. Be2 Ne7 6. 0-0 c5 7. c3 Nec6 8. a3 Nd7 9. Re1 Rc8 10. Bd3 Bg4 11. Be3 cxd4 12. cxd4 Qb6 13. Nc3 Bxf3 14. Qxf3 Qxb2 15. Nxd5 exd5 16. Bf5 Nxd4 17. Bxd7+ Kxd7 18. Qxf7+ Be7 19. Qxd5+ Ke8 20. Bxd4 Qc2 21. Qxb7 Rf8 22. h3 Rf4 23. Be3 Rfc4 24. Rac1 Qa4 25. Rxc4 Rxc4 26. e6 Qxa3 27. Qb5+ 1-0

[Event "Moscow Aeroflot op-A"]
[Site "Moscow"]
[Date "2024.03.07"]
[Round "9"]
[White "Iljiushenok, Ilia"]
[Black "Grachev, Alexey1"]
[Result "0-1"]
[WhiteElo "2558"]
[BlackElo "2402"]
[PlyCount "98"]
[EventDate "2024.03.03"]
[EventType "swiss"]
[EventRounds "9"]
[EventCountry "RUS"]
[SourceTitle "CB11_2024"]
[SourceDate "2024.03.13"]
[SourceVersion "1"]
[SourceVersionDate "2024.03.13"]
[SourceQuality "1"]

1. Nf3 d5 2. g3 Nd7 3. d4 Nb6 4. Nc3 Nf6 5. Qd3 g6 6. e4 Nxe4 7. Nxe4 Bf5 8. Nfd2 dxe4 9. Nxe4 Bg7 10. Be3 Qd5 11. f3 Rd8 12. c3 0-0 13. g4 Be6 14. Be2 Nc4 15. Bc1 Qa5 16. 0-0 Nd6 17. Nxd6 Rxd6 18. Bf4 Rd5 19. Qe3 Qb6 20. Rfd1 c5 21. dxc5 Qxb2 22. Rdc1 g5 23. Bg3 Qa3 24. Bf2 Qa5 25. Rd1 Qxc3 26. Rac1 Qxe3 27. Bxe3 h6 28. a4 Rfd8 29. Rxd5 Bxd5 30. Rd1 e6 31. Bc4 Re8 32. Bxd5 exd5 33. Kf2 Rd8 34. Bd4 Bf8 35. Rb1 Rd7 36. c6 bxc6 37. Rb8 f6 38. Bc5 Rf7 39. Ra8 Kg7 40. Bxf8+ Rxf8 41. Rxa7+ Kg6 42. Rc7 Ra8 43. Rxc6 Rxa4 44. Rd6 Rd4 45. Ke3 Rd1 46. Ke2 Rh1 47. Rxd5 Rxh2+ 48. Ke3 h5 49. gxh5+ Kxh5 0-1

[Event "Moscow Aeroflot op-A"]
[Site "Moscow"]
[Date "2024.03.04"]
[Round "3"]
[White "Iljiushenok, Ilia"]
[Black "Hayrapetyan, Hovik"]
[Result "1/2-1/2"]
[WhiteElo "2558"]
[BlackElo "2432"]
[PlyCount "33"]
[EventDate "2024.03.03"]
[EventType "swiss"]
[EventRounds "9"]
[EventCountry "RUS"]
[SourceTitle "CB11_2024"]
[SourceDate "2024.03.13"]
[SourceVersion "1"]
[SourceVersionDate "2024.03.13"]
[SourceQuality "1"]

1. c4 e6 2. g3 d5 3. Bg2 Nf6 4. Nf3 Be7 5. 0-0 0-0 6. b3 c5 7. cxd5 Nxd5 8. Bb2 Nc6 9. d4 cxd4 10. Nxd4 Bd7 11. Nc3 Nxc3 12. Bxc3 Rc8 13. Rc1 Nxd4 14. Bxd4 b6 15. a4 Rxc1 16. Qxc1 Qb8 17. Qd1 1/2-1/2

[Event "Moscow Aeroflot op-A"]
[Site "Moscow"]
[Date "2024.03.04"]
[Round "4"]
[White "Kovanova, Baira"]
[Black "Iljiushenok, Ilia"]
[Result "0-1"]
[WhiteElo "2304"]
[BlackElo "2558"]
[PlyCount "48"]
[EventDate "2024.03.03"]
[EventType "swiss"]
[EventRounds "9"]
[EventCountry "RUS"]
[SourceTitle "CB11_2024"]
[SourceDate "2024.03.13"]
[SourceVersion "1"]
[SourceVersionDate "2024.03.13"]
[SourceQuality "1"]

1. e4 c5 2. Nf3 d6 3. Bb5+ Nd7 4. 0-0 a6 5. Bd3 Ngf6 6. Re1 g6 7. c3 b5 8. Bc2 Bb7 9. d4 e5 10. d5 Bg7 11. Nbd2 0-0 12. Nf1 Nh5 13. Bg5 Qc7 14. Qd2 Nb6 15. b3 Rae8 16. Bh6 f5 17. exf5 Nxd5 18. Bxg7 Qxg7 19. Ng3 Nxg3 20. hxg3 gxf5 21. Nh4 e4 22. c4 e3 23. fxe3 Nxe3 24. Kh2 f4 0-1

[Event "Moscow-ch op Superfinal"]
[Site "Ershovo"]
[Date "2024.02.26"]
[Round "5"]
[White "Iljiushenok, Ilia"]
[Black "Efremov, Vladislav"]
[Result "1-0"]
[WhiteElo "2547"]
[BlackElo "2281"]
[PlyCount "45"]
[EventDate "2024.02.23"]
[EventType "swiss"]
[EventRounds "10"]
[EventCountry "RUS"]
[SourceTitle "CB10_2024"]
[SourceDate "2024.03.06"]
[SourceVersion "1"]
[SourceVersionDate "2024.03.06"]
[SourceQuality "1"]

1. c4 e6 2. g3 d5 3. Bg2 Nf6 4. Nf3 dxc4 5. Qa4+ Bd7 6. Qxc4 c5 7. Ne5 Qc8 8. 0-0 Bd6 9. Nxd7 Nbxd7 10. d4 0-0 11. dxc5 Bxc5 12. Qb3 Rb8 13. Nc3 b5 14. Bf4 e5 15. Bg5 h6 16. Bxf6 Nxf6 17. Rac1 Qe6 18. Nd5 Rfc8 19. Rc2 Nxd5 20. Bxd5 Qf5 21. e4 Qf6 22. Rc3 Kh8 23. Qc2 1-0

[Event "Moscow-ch op Superfinal"]
[Site "Ershovo"]
[Date "2024.02.24"]
[Round "2"]
[White "Poghosyan, Suren"]
[Black "Iljiushenok, Ilia"]
[Result "1/2-1/2"]
[WhiteElo "2266"]
[BlackElo "2547"]
[PlyCount "73"]
[EventDate "2024.02.23"]
[EventType "swiss"]
[EventRounds "10"]
[EventCountry "RUS"]
[SourceTitle "CB10_2024"]
[SourceDate "2024.03.06"]
[SourceVersion "1"]
[SourceVersionDate "2024.03.06"]
[SourceQuality "1"]

1. d4 Nf6 2. c4 e6 3. Nc3 Bb4 4. e3 0-0 5. Nge2 d5 6. a3 Be7 7. cxd5 exd5 8. g3 Nbd7 9. Bg2 Nb6 10. 0-0 Re8 11. Qc2 Bd7 12. Nf4 c6 13. Rd1 Qc8 14. b3 Bf5 15. Qa2 h6 16. a4 a5 17. Ba3 Qd8 18. Nd3 Nbd7 19. Rab1 Bb4 20. Qb2 Bxd3 21. Rxd3 Qe7 22. Bxb4 Qxb4 23. Qc2 Qe7 24. Rdd1 Nb8 25. Qd2 Na6 26. Na2 Nb4 27. Nxb4 Qxb4 28. Qxb4 axb4 29. Rbc1 Kf8 30. Re1 Rad8 31. f3 Re7 32. Bf1 Ke8 33. Bh3 Ra8 34. Bg2 Rd8 35. Bh3 Ra8 36. Bg2 Rd8 37. Bh3 1/2-1/2

[Event "Ufa Startsev Memorial"]
[Site "Ufa"]
[Date "2024.02.09"]
[Round "6"]
[White "Iljiushenok, Ilia"]
[Black "Pingin, Artem"]
[Result "1-0"]
[WhiteElo "2547"]
[BlackElo "2423"]
[PlyCount "169"]
[EventDate "2024.02.06"]
[EventType "swiss"]
[EventRounds "9"]
[EventCountry "RUS"]
[SourceTitle "CB07_2024"]
[SourceDate "2024.02.14"]
[SourceVersion "1"]
[SourceVersionDate "2024.02.14"]
[SourceQuality "1"]

1. d4 d5 2. c4 dxc4 3. e3 Nf6 4. Bxc4 e6 5. Nf3 a6 6. 0-0 c5 7. Nbd2 cxd4 8. Nxd4 Bc5 9. Bd3 0-0 10. Ne4 Nxe4 11. Bxe4 Qh4 12. Qc2 Bxd4 13. exd4 Nc6 14. Rd1 Rd8 15. g3 Qh5 16. Be3 Bd7 17. Qc5 Qh3 18. Bg2 Qg4 19. Rac1 Be8 20. h3 Qe2 21. Rd2 Qb5 22. d5 exd5 23. Bxd5 Qxc5 24. Bxc5 Rd7 25. Rcd1 h6 26. Bg2 Rxd2 27. Rxd2 Rd8 28. Rxd8 Nxd8 29. Bb6 Nc6 30. a3 Bd7 31. Kf1 Kf8 32. Ke2 Ke7 33. Bc5+ Ke8 34. Ke3 Nd8 35. Bd4 f6 36. Bb6 Bc6 37. Bf1 Ne6 38. Bc4 Ke7 39. Ba5 h5 40. Bb4+ Kf7 41. f4 f5 42. g4 hxg4 43. hxg4 g6 44. g5 Bd7 45. Bd6 Ke8 46. Bd5 Nd8 47. Kd4 Be6 48. Bxe6 Nxe6+ 49. Ke5 Kf7 50. Bb4 Nc7 51. Kd6 Ne6 52. Bd2 Nd4 53. Be3 Nc2 54. Bf2 b5 55. Kd7 b4 56. axb4 Nxb4 57. Be3 a5 58. Kd6 a4 59. Bd4 Nc2 60. Bc5 Ne1 61. Bd4 Nc2 62. Bc3 Ne3 63. Kc5 Nc2 64. Kd6 Ne3 65. Kc5 Nc2 66. Kc4 Ke6 67. Kd3 Na1 68. b4 Nb3 69. Kc4 Nc1 70. b5 a3 71. Be5 Kd7 72. Kc3 a2 73. Kc2 Ne2 74. Kb2 Kc8 75. Kxa2 Nc1+ 76. Kb2 Nd3+ 77. Kc3 Ne1 78. Kd2 Nf3+ 79. Ke2 Nh2 80. Bd4 Kc7 81. Bg1 Ng4 82. Kd3 Kd7 83. Kc4 Kd6 84. Kd4 Kc7 85. Kd5 1-0

[Event "Wch Blitz"]
[Site "Samarkand"]
[Date "2023.12.29"]
[Round "9"]
[White "Iljiushenok, Ilia"]
[Black "Piorun, Kacper"]
[Result "1-0"]
[WhiteElo "2547"]
[BlackElo "2593"]
[PlyCount "63"]
[EventDate "2023.12.29"]
[EventType "swiss (blitz)"]
[EventRounds "21"]
[EventCountry "UZB"]
[SourceTitle "CB01_2024"]
[SourceDate "2024.01.03"]
[SourceVersion "1"]
[SourceVersionDate "2024.01.03"]
[SourceQuality "1"]

1. e4 e6 2. Nf3 d5 3. Nc3 d4 4. Ne2 c5 5. c3 Nc6 6. cxd4 cxd4 7. Qa4 d3 8. Ned4 Bd7 9. Bxd3 Nf6 10. Nxc6 bxc6 11. 0-0 Bc5 12. e5 Nd5 13. Qg4 Qe7 14. a3 a5 15. Bc2 f5 16. exf6 Nxf6 17. Qh4 e5 18. d4 Bxd4 19. Nxd4 exd4 20. Bg5 0-0-0 21. Qxd4 Be6 22. Qc3 Qc7 23. Bh4 Rde8 24. Bg3 Qb6 25. b4 Nd5 26. Qxg7 Rhg8 27. Qxh7 a4 28. Rfe1 Re7 29. Qh6 Bd7 30. Rxe7 Nxe7 31. Re1 Qd4 32. Qd6 1-0

[Event "Wch Blitz"]
[Site "Samarkand"]
[Date "2023.12.29"]
[Round "4"]
[White "Turayev, Shahruh"]
[Black "Iljiushenok, Ilia"]
[Result "0-1"]
[WhiteElo "2183"]
[BlackElo "2547"]
[PlyCount "44"]
[EventDate "2023.12.29"]
[EventType "swiss (blitz)"]
[EventRounds "21"]
[EventCountry "UZB"]
[SourceTitle "CB01_2024"]
[SourceDate "2024.01.03"]
[SourceVersion "1"]
[SourceVersionDate "2024.01.03"]
[SourceQuality "1"]

1. e4 c6 2. d4 d5 3. exd5 cxd5 4. c4 Nf6 5. Nc3 g6 6. Bg5 Ne4 7. Be3 Nxc3 8. bxc3 Bg7 9. Nf3 0-0 10. Bd3 dxc4 11. Bxc4 Qc7 12. Qe2 b5 13. Bd5 Qxc3+ 14. Nd2 Qxa1+ 15. Qd1 Qxd1+ 16. Kxd1 Nc6 17. Bxc6 Rb8 18. d5 Bb7 19. Bxa7 Ra8 20. Bb6 Bxc6 21. dxc6 Rxa2 22. Ke2 Ra6 0-1

[Event "Wch Rapid"]
[Site "Samarkand"]
[Date "2023.12.28"]
[Round "11"]
[White "Averin, Nikolay"]
[Black "Iljiushenok, Ilia"]
[Result "1-0"]
[WhiteElo "2246"]
[BlackElo "2547"]
[PlyCount "233"]
[EventDate "2023.12.26"]
[EventType "swiss (rapid)"]
[EventRounds "13"]
[EventCountry "UZB"]
[SourceTitle "CB01_2024"]
[SourceDate "2024.01.03"]
[SourceVersion "1"]
[SourceVersionDate "2024.01.03"]
[SourceQuality "1"]

1. e4 c6 2. d4 d5 3. Nd2 dxe4 4. Nxe4 Nf6 5. Nxf6+ exf6 6. c3 Bd6 7. Bd3 Na6 8. Ne2 Nc7 9. 0-0 h5 10. Qc2 Nd5 11. f4 Qe7 12. Ng3 Qc7 13. Qf2 h4 14. Ne4 f5 15. Nxd6+ Qxd6 16. c4 Nf6 17. Qe3+ Kf8 18. Qe5 Qd8 19. h3 b6 20. b3 Be6 21. Bb2 Qd7 22. Qe3 Rh6 23. Rad1 Rd8 24. Qf2 Kg8 25. Bc2 b5 26. d5 cxd5 27. c5 b4 28. Bd4 Qc6 29. Qe3 Rg6 30. Bd3 a5 31. Qf2 Rh6 32. Rc1 Rd7 33. Qe2 Rb7 34. Ba6 Rb8 35. Be5 Rd8 36. Bb5 Qc8 37. c6 d4 38. c7 Rf8 39. Bd6 Ne4 40. Bxf8 Qxf8 41. Ba6 Nc3 42. Qe5 Bc8 43. Bxc8 Qxc8 44. Rce1 Re6 45. Qxf5 g6 46. Qxa5 Ne2+ 47. Kh2 d3 48. Rd1 Rd6 49. Qe5 Rd7 50. Rf3 Qxc7 51. Qxc7 Rxc7 52. Rfxd3 Nxf4 53. Rd4 g5 54. R1d2 Rc1 55. Rd1 Rc3 56. Rxb4 Rc2 57. Rxf4 gxf4 58. Rf1 Rxa2 59. Rxf4 Rb2 60. b4 Kg7 61. Rxh4 Rb3 62. Rf4 Kg6 63. Kg1 Rb2 64. Kh2 Rb3 65. h4 f5 66. g3 Rb2+ 67. Kh3 Rb3 68. Rc4 Kf6 69. Kg2 Ke5 70. Rf4 Rb2+ 71. Kh3 Rb1 72. Rc4 Rb3 73. h5 Rb1 74. Kh4 Kf6 75. Rc6+ Kg7 76. Kg5 Rxb4 77. Rc7+ Kg8 78. Kxf5 Rb5+ 79. Kg6 Rb6+ 80. Kg5 Rb3 81. g4 Rb4 82. h6 Rb5+ 83. Kg6 Rb6+ 84. Kh5 Rb5+ 85. g5 Ra5 86. Rg7+ Kh8 87. Rf7 Kg8 88. Rf6 Kh7 89. Re6 Rb5 90. Re7+ Kg8 91. Kg6 Rb6+ 92. Kf5 Rb1 93. Kf6 Rf1+ 94. Kg6 Rf8 95. Re6 Ra8 96. Rf6 Rb8 97. Kh5 Rb5 98. Rg6+ Kh7 99. Rg7+ Kh8 100. Rf7 Kg8 101. Re7 Ra5 102. Kg6 Ra6+ 103. Kf5 Ra1 104. Rg7+ Kh8 105. Rf7 Kg8 106. Kg6 Ra6+ 107. Rf6 Ra8 108. Re6 Rb8 109. Re5 Rb6+ 110. Kh5 Rb1 111. g6 Rh1+ 112. Kg5 Rg1+ 113. Kf6 Rf1+ 114. Rf5 Rh1 115. h7+ Kh8 116. g7+ Kxh7 117. Kf7 1-0

[Event "Wch Rapid"]
[Site "Samarkand"]
[Date "2023.12.26"]
[Round "2"]
[White "Iljiushenok, Ilia"]
[Black "Anton Guijarro, David"]
[Result "0-1"]
[WhiteElo "2547"]
[BlackElo "2670"]
[PlyCount "90"]
[EventDate "2023.12.26"]
[EventType "swiss (rapid)"]
[EventRounds "13"]
[EventCountry "UZB"]
[SourceTitle "CB01_2024"]
[SourceDate "2024.01.03"]
[SourceVersion "1"]
[SourceVersionDate "2024.01.03"]
[SourceQuality "1"]

1. e4 c6 2. Nf3 d5 3. d3 e6 4. Nbd2 Nf6 5. g3 c5 6. Bg2 Nc6 7. 0-0 Be7 8. Re1 h6 9. exd5 exd5 10. d4 0-0 11. dxc5 Bxc5 12. Nb3 Bb6 13. Be3 Bg4 14. h3 Bh5 15. c3 Re8 16. Qd2 a5 17. Nbd4 Ne4 18. Qc2 Qf6 19. g4 Bg6 20. Qb3 Nxd4 21. Nxd4 Red8 22. Qd1 a4 23. a3 Nc5 24. Qf3 Qxf3 25. Nxf3 Ra6 26. Bf1 Ra5 27. Ne5 Bc2 28. Rac1 Bb3 29. Bd4 Bc7 30. Nd3 Ne6 31. Be5 Bxe5 32. Rxe5 Raa8 33. Bg2 Rab8 34. f4 d4 35. c4 b6 36. Bd5 Nc5 37. Nf2 Re8 38. Rce1 Rxe5 39. Rxe5 Kf8 40. Re2 b5 41. Rd2 bxc4 42. Rxd4 Rd8 43. Nd1 Ne6 44. Rd2 c3 45. Nxc3 Nxf4 0-1

[Event "Wch Rapid"]
[Site "Samarkand"]
[Date "2023.12.26"]
[Round "3"]
[White "Salem, AR Saleh"]
[Black "Iljiushenok, Ilia"]
[Result "1-0"]
[WhiteElo "2639"]
[BlackElo "2547"]
[PlyCount "55"]
[EventDate "2023.12.26"]
[EventType "swiss (rapid)"]
[EventRounds "13"]
[EventCountry "UZB"]
[SourceTitle "CB01_2024"]
[SourceDate "2024.01.03"]
[SourceVersion "1"]
[SourceVersionDate "2024.01.03"]
[SourceQuality "1"]

1. d4 d5 2. c4 c6 3. Nf3 Nf6 4. Nc3 dxc4 5. e4 b5 6. Be2 e6 7. 0-0 Bb7 8. e5 Nd5 9. Ne4 Nd7 10. Bd2 c5 11. b3 cxd4 12. bxc4 N5b6 13. Bg5 f6 14. exf6 Nxf6 15. Nxf6+ gxf6 16. Nxd4 fxg5 17. Bh5+ Kd7 18. Bf3 Bxf3 19. Qxf3 Bd6 20. c5 Rf8 21. Qe4 e5 22. Nxb5 Rf4 23. Qb7+ Ke6 24. Nxd6 Nd5 25. g3 Rb8 26. Qxh7 Rf6 27. Rad1 Nc3 28. Qh3+ 1-0

[Event "Ugra-Mongolia m"]
[Site "Khanty-Mansiysk"]
[Date "2023.12.12"]
[Round "5.3"]
[White "Iljiushenok, Ilia"]
[Black "Bilguun, Sumiya"]
[Result "0-1"]
[WhiteElo "2547"]
[BlackElo "2466"]
[PlyCount "66"]
[EventDate "2023.12.11"]
[EventType "schev (rapid)"]
[EventRounds "6"]
[EventCountry "RUS"]
[SourceTitle "CB51_2023"]
[SourceDate "2023.12.20"]
[SourceVersion "1"]
[SourceVersionDate "2023.12.20"]
[SourceQuality "1"]
[WhiteTeam "Ugra"]
[BlackTeam "Mongolia"]
[WhiteTeamCountry "RUS"]
[BlackTeamCountry "MGL"]

1. e4 c5 2. c3 d5 3. exd5 Qxd5 4. d4 Nf6 5. Nf3 e6 6. Na3 Qd8 7. dxc5 Qxd1+ 8. Kxd1 Bxc5 9. Nb5 Na6 10. b4 Bxf2 11. Kc2 0-0 12. Be2 Nd5 13. Kb3 Nac7 14. a4 a5 15. Nxc7 Nxc7 16. Rf1 Ba7 17. b5 f6 18. Ba3 Re8 19. Bc4 Nd5 20. Rfe1 Ne3 21. Nd2 Nxc4 22. Nxc4 e5 23. Nd6 Be6+ 24. Kb2 Red8 25. Rad1 Rd7 26. c4 Rc7 27. Rc1 Bd4+ 28. Kb1 b6 29. Bb2 Bc5 30. Red1 Rd8 31. Ne4 Rxd1 32. Rxd1 Bf5 33. Re1 Bb4 0-1

[Event "Ugra-Mongolia m"]
[Site "Khanty-Mansiysk"]
[Date "2023.12.11"]
[Round "2.3"]
[White "Agibileg, Uurtsaikh"]
[Black "Iljiushenok, Ilia"]
[Result "0-1"]
[WhiteElo "2445"]
[BlackElo "2547"]
[PlyCount "74"]
[EventDate "2023.12.11"]
[EventType "schev (rapid)"]
[EventRounds "6"]
[EventCountry "RUS"]
[SourceTitle "CB51_2023"]
[SourceDate "2023.12.20"]
[SourceVersion "1"]
[SourceVersionDate "2023.12.20"]
[SourceQuality "1"]
[WhiteTeam "Mongolia"]
[BlackTeam "Ugra"]
[WhiteTeamCountry "MGL"]
[BlackTeamCountry "RUS"]

1. d4 Nf6 2. c4 e6 3. Nc3 Bb4 4. f3 c5 5. d5 b5 6. e4 d6 7. Nge2 bxc4 8. Nf4 g5 9. Nfe2 exd5 10. exd5 h6 11. Ng3 Ba6 12. Kf2 Nbd7 13. Nce4 Qb6 14. h4 Nxe4+ 15. Nxe4 0-0-0 16. hxg5 hxg5 17. Rxh8 Rxh8 18. Bxg5 f5 19. Ng3 Re8 20. Qc2 Ne5 21. Qxf5+ Kb8 22. Kg1 c3 23. Be3 cxb2 24. Rb1 Bxf1 25. Nxf1 Nc4 26. Qd7 Rd8 27. Qe7 Bc3 28. Bg5 Bd4+ 29. Ne3 Rg8 30. Bf4 Qd8 31. Qe4 Qe8 32. Qxd4 cxd4 33. Nxc4 Rxg2+ 34. Kh1 Qh5+ 35. Kxg2 Qg6+ 36. Kh3 Qxb1 37. Bxd6+ Kc8 0-1

[Event "Ugra-Mongolia m"]
[Site "Khanty-Mansiysk"]
[Date "2023.12.11"]
[Round "3.3"]
[White "Iljiushenok, Ilia"]
[Black "Chinguun, Sumiya"]
[Result "1-0"]
[WhiteElo "2547"]
[BlackElo "2319"]
[PlyCount "69"]
[EventDate "2023.12.11"]
[EventType "schev (rapid)"]
[EventRounds "6"]
[EventCountry "RUS"]
[SourceTitle "CB51_2023"]
[SourceDate "2023.12.20"]
[SourceVersion "1"]
[SourceVersionDate "2023.12.20"]
[SourceQuality "1"]
[WhiteTeam "Ugra"]
[BlackTeam "Mongolia"]
[WhiteTeamCountry "RUS"]
[BlackTeamCountry "MGL"]

1. d4 Nf6 2. c4 g6 3. Nc3 Bg7 4. e4 d6 5. Be2 0-0 6. Nf3 Nbd7 7. 0-0 e5 8. Be3 Qe7 9. Qc2 c6 10. Rad1 exd4 11. Nxd4 Nc5 12. f3 a5 13. Rfe1 d5 14. cxd5 cxd5 15. Bg5 Qd6 16. Ndb5 Qb6 17. Be3 dxe4 18. Nxe4 Nfxe4 19. fxe4 Qc6 20. Qxc5 Qxe4 21. Bf3 Qf5 22. Nc7 Rb8 23. Rd5 b6 24. Qd6 Qc2 25. Rd2 Qc4 26. Bd4 Bf5 27. Bxg7 Rfd8 28. Rd4 Rxd6 29. Rxc4 Kxg7 30. Ne8+ Rxe8 31. Rxe8 Rd2 32. g4 Be6 33. Rc7 Kf6 34. h4 Ke5 35. Rxf7 1-0